000 01013cam a2200241 4500
001 WB3715-08
008 000000n2001 000 0 eng u
035 _a(Sirsi) u112015
245 _aMoves to improve construction adjudication
260 _c2001
490 _aDETR News Release
_v(214) 6 April 2001 (2)
520 _aOutlines government proposals for making construction adjudication fairer, more efficient and easier to understand. The Construction Industry Board has reviewed how adjudication is working. Copies of the CIB report are available at www.ciboard.org.uk
590 _aWB
650 _aCONSTRUCTION ADJUDICATION
650 _aCONSTRUCTION INDUSTRY BOARD
650 _aGUIDANCE
650 _aIMPROVEMENT
650 _aDETR
650 _aMANAGEMENT-DISPUTE AVOIDANCE, MANAGEMENT AND RESOLUTION-DISPUTE MANAGEMENT AND RESOLUTION-ALTERNATIVE DISPUTE RESOLUTION-ADJUDICATION
650 _aBUILT ENVIRONMENT-BUILDING CONTRACT FORMS
690 _aDispute resolution
_96236
942 _n0
999 _c66722
_d66722